[Event "45th Olympiad 2024"]
[Site "Budapest HUN"]
[Date "2024.09.16"]
[Round "6.85"]
[Board "2"]
[White "Young, Christopher"]
[Black "Drayton, Anthony"]
[Result "1-0"]
[WhiteElo "1758"]
[BlackElo "1964"]
[PlyCount "120"]
[EventDate "2024.09.11"]
[WhiteTeam "Cayman Islands"]
[BlackTeam "Guyana"]
[WhiteTeamCountry "CAY"]
[BlackTeamCountry "GUY"]

1. d4 d5 2. c4 e6 3. Nc3 Nf6 4. Nf3 Bb4 5. e3 O-O 6. Bd3 dxc4 7. Bxc4 c5 8. a3 Bxc3+ 9. bxc3 Qa5 10. Bd2 Qc7 ({RR} 10... Bd7 11. O-O Bb5 12. Bxb5 Qxb5 13. Rb1 Qa6 14. Qb3 b6 15. c4 Nbd7 16. Rfd1 Rac8 17. Rbc1 Rc7 18. d5 exd5 19. cxd5 c4 20. Qb1 Nxd5 21. e4 Ne7 22. Bf4 Rb7 23. Bd6 Re8 24. e5 Nc5 25. Bxc5 {1-0 Eljanov,P (2705)-Keymer,V (2700) ChessKid Play-In Match 2023 (1.1)}) ({RR} 10... Bd7 11. O-O Bb5 12. Bxb5 Qxb5 13. Ne5 Nc6 14. c4 Qa6 15. Nxc6 Qxc6 16. Bc3 Rfd8 17. Qb3 Ne4 18. Rfd1 Nxc3 19. Qxc3 Rac8 20. Rac1 b6 21. h3 h6 22. Qd3 cxd4 23. exd4 b5 24. cxb5 Qxc1 25. Rxc1 {½-½ Noboa Silva,K (2270)-Valenzuela Gomez,F (2330) Cerrado IM Barcelona Sept 2024 (8.3)}) 11. Qe2 Nbd7 12. O-O e5 $146 ({RR} 12... Ne4 13. Bd3 Ndf6 14. Rfc1 Nxd2 15. Qxd2 b6 16. e4 Bb7 17. Re1 Rac8 18. Rac1 cxd4 19. cxd4 Qe7 20. e5 Nd5 21. Ng5 h6 22. Ne4 Rxc1 23. Rxc1 Qxa3 24. Nd6 Ba8 25. h4 a5 26. Bb1 f5 27. Ba2 {0-1 Manea,A (2396)-Martian,D (2262) Arad op 9th 2016 (9)}) 13. dxe5 Nxe5 14. Nxe5 Qxe5 15. f3 Be6 16. e4 Rad8 17. Rad1 b6 18. Rfe1 Bxc4 19. Qxc4 Rd7 20. Qa4 Rfd8 21. Qc2 c4 22. Be3 Qe7 23. a4 Ne8 24. Rd4 Rxd4 25. Bxd4 Nc7 26. Qe2 Qe6 27. f4 Qc6 28. f5 f6 29. e5 fxe5 30. Qxe5 Qd7 31. Qg3 Re8 32. Rf1 Qf7 33. h4 Rf8 34. h5 Nd5 35. f6 h6 36. Rf3 Re8 37. Rf5 Nc7 38. Rf1 Ne6 39. fxg7 Qxh5 40. Rf8+ Rxf8 41. gxf8=Q+ Kxf8 42. Qd6+ Ke8 43. Qxe6+ Kd8 44. Bf6+ Kc7 45. Qxc4+ Kb7 46. Qe4+ Ka6 47. Qc4+ Kb7 48. Qd4 Qf5 49. c4 Ka6 50. Be7 Qb1+ 51. Kh2 Qe1 52. Bd8 Qe8 53. c5 Qh5+ 54. Kg1 Qxc5 55. Qxc5 bxc5 56. g4 Kb7 57. Kf2 Kc6 58. Ke3 Kd5 59. Bf6 Kc4 60. Bg7 Kb4 1-0

[Event "45th Olympiad 2024"]
[Site "Budapest HUN"]
[Date "2024.09.16"]
[Round "6.85"]
[Board "3"]
[White "Nathoo, Loris"]
[Black "Tracey, Shaun M"]
[Result "1/2-1/2"]
[WhiteElo "1788"]
[BlackElo "1684"]
[PlyCount "91"]
[EventDate "2024.09.11"]
[WhiteTeam "Guyana"]
[BlackTeam "Cayman Islands"]
[WhiteTeamCountry "GUY"]
[BlackTeamCountry "CAY"]

1. d4 e6 2. Bf4 f5 3. e3 Nf6 4. Nf3 b6 5. Be2 Bb7 6. O-O d6 ({RR} 6... Be7 7. h3 O-O 8. c4 Ne4 9. Nfd2 Nxd2 10. Nxd2 d6 11. Bf3 Bxf3 12. Nxf3 Nd7 13. Qa4 a5 14. Rfd1 Qe8 15. Qc6 Rc8 16. e4 Nf6 17. Qxe8 Rfxe8 18. exf5 exf5 19. d5 Nd7 20. b3 Bf6 21. Rac1 {½-½ Shankland,S (2656)-Ivanchuk,V (2733) Edmonton 10th 2015 (4)}) 7. h3 ({RR} 7. c4 Be7 8. h3 O-O 9. Nc3 Ne4 10. Nxe4 fxe4 11. Nd2 Bf6 12. Qc2 Bxd4 13. Nxe4 Be5 14. Ng5 Rf5 15. Nxe6 Qf6 16. Bg4 Rxf4 17. exf4 Bxf4 18. Nxc7 Nc6 19. Nxa8 Bxa8 20. Qf5 Be5 21. Qxf6 Bxf6 {1-0 Alimpic,A (2301)-Larina,M (1948) Titled Tue 1st Aug Early 2023 (8)}) 7... Nbd7 8. c4 $146 ({RR} 8. Nbd2 h6 9. c4 Be7 10. Re1 O-O 11. Qc2 Ne4 12. Bh2 Qe8 13. Rad1 Bf6 14. Nf1 g5 15. N3d2 Qg6 16. Bf3 Kg7 17. Bxe4 Bxe4 18. Nxe4 fxe4 19. Ng3 d5 20. cxd5 {½-½ Martinez Pascual,G (1406)-Gil Sierra,J (1879) Madrid-ch Previa-B 2018 (1)}) 8... Ne4 9. Bh2 Qe7 10. Nc3 Nxc3 11. bxc3 g6 12. Rb1 c5 13. Qa4 Kf7 14. Rfd1 Bg7 15. Qb5 Rhd8 16. Rd2 e5 17. Rbd1 Kg8 18. Ne1 Nf8 19. Bf3 e4 20. Be2 Ne6 21. dxc5 Bxc3 22. cxd6 Qg7 23. Rc2 Nc5 24. Rdc1 Be5 25. Bxe5 Qxe5 26. Rd2 Rd7 27. Rcd1 Rad8 28. Nc2 Rxd6 29. Rxd6 Rxd6 30. Rxd6 Qxd6 31. Qe8+ Kg7 32. Nd4 a6 33. h4 Qf6 34. Qb8 Qe7 35. Qg3 Qf6 36. Qc7+ Kg8 37. h5 g5 38. h6 f4 39. Qb8+ Qf8 40. Qc7 Qxh6 41. Nf5 Qf6 42. Ne7+ Kf8 43. Qd8+ Kf7 44. Bh5+ Ke6 45. Bg4+ Kf7 46. Bh5+ 1/2-1/2

[Event "45th Olympiad 2024"]
[Site "Budapest HUN"]
[Date "2024.09.16"]
[Round "6.85"]
[Board "4"]
[White "Powell, Malcolm"]
[Black "Pitamber, Sachin Dhilan"]
[Result "0-1"]
[WhiteElo "1545"]
[BlackElo "1719"]
[PlyCount "80"]
[EventDate "2024.09.11"]
[WhiteTeam "Cayman Islands"]
[BlackTeam "Guyana"]
[WhiteTeamCountry "CAY"]
[BlackTeamCountry "GUY"]

1. Nf3 d5 2. d4 Nf6 3. g3 c5 4. c4 e6 5. Bg2 Nc6 6. O-O dxc4 7. dxc5 Qxd1 8. Rxd1 Bxc5 9. a3 $146 ({RR} 9. Nc3 e5 10. Nd2 Be6 11. Nde4 Nxe4 12. Nxe4 Be7 13. Be3 O-O 14. Nc5 Bxc5 15. Bxc5 Rfc8 16. Rac1 h6 17. Rd6 Rab8 18. Kf1 a5 19. a3 b6 20. Be3 Nd4 21. Bxd4 exd4 22. Rxd4 Rc5 23. Ke1 Kf8 {0-1 Baratosi,D (2403)-Baklan,V (2651) ROM-chT Calimanesti 2014 (7.4)}) ({RR} 9. Nfd2 Na5 10. Na3 Bxa3 11. bxa3 Nd5 12. Ne4 O-O 13. Bd2 b6 14. Rac1 Ba6 15. Bxa5 bxa5 16. Nc5 Bb5 17. Bxd5 exd5 18. Rxd5 Rfd8 19. Rxd8+ Rxd8 20. Ne4 f5 21. Nc3 Bc6 22. f3 Kf7 23. Kf2 g5 {1-0 Carlsen,M (2837)-Harikrishna,P (2744) Wch Blitz Riadh 2017 (13)}) ({RR} 9. Nfd2 Ne5 10. Ne4 Nxe4 11. Bxe4 Ke7 12. Bf4 Ng4 13. e3 e5 14. Bg5+ f6 15. h3 Nxf2 16. Bxf6+ gxf6 17. Kxf2 Bxh3 18. Nd2 Be6 19. Rac1 Rac8 20. Nxc4 Bxc4 21. Bxb7 Rc7 22. b4 Rxb7 23. bxc5 Bxa2 {0-1 Urbina Perez,J (2248)-Goltsev,D (2215) Titled Tue 13th Aug Late 2024 (2)}) ({RR} 9. Nfd2 Na5 10. Na3 Bxa3 11. bxa3 Bd7 12. Bb2 Bb5 13. Bc3 Nc6 14. Rab1 Ba6 15. Ne4 Nxe4 16. Bxe4 O-O 17. Rd7 Rac8 18. a4 Rfe8 19. h4 Nb8 20. Rd6 Rc7 21. Rbd1 f5 22. Bf3 Kf7 23. e4 fxe4 {1-0 Harikrishna,P (2727)-Lu,S (2640) CHN-chT China 2018 (4.3)}) ({RR} 9. Bd2 e5 10. Rc1 e4 11. Ng5 Bd4 12. Bc3 Bf5 13. Bxd4 Nxd4 14. Rxc4 Rd8 15. Nc3 e3 16. fxe3 Nc2 17. Rd1 O-O 18. e4 Bd7 19. Rd6 h6 20. Nf3 Bc6 21. e5 Nd7 22. Nd5 Bxd5 23. Rxc2 Nb6 {½-½ Zupancic,J (2157)-Kastelic,M (2308) SLO-chT Slovenia 2013 (6)}) 9... O-O 10. Nc3 e5 11. Bg5 Ng4 12. Ne4 Bb6 13. h3 f5 14. hxg4 fxe4 15. Be3 exf3 16. exf3 Bxe3 17. fxe3 e4 18. f4 Bxg4 19. Rd2 Rfe8 20. Rc1 Na5 21. Rd5 b6 22. Bf1 Rad8 23. Rxd8 Rxd8 24. Bg2 Rd3 25. Bxe4 Rxe3 26. Bd5+ Kf8 27. Rc3 Rxc3 28. bxc3 Ke7 29. Kf2 Kd6 30. Bg8 Bf5 31. Kf3 h5 32. Bf7 g6 33. Ke3 Kc5 34. Kd2 Nb7 35. Be8 Nd6 36. Ba4 Ne4+ 37. Ke3 Nxc3 38. Be8 Ne4 39. Kf3 b5 40. Bf7 c3 0-1

[Event "45th Olympiad 2024"]
[Site "Budapest HUN"]
[Date "2024.09.16"]
[Round "6.86"]
[Board "1"]
[White "Enemchukwu Chinedu Benjamin"]
[Black "Bodin-Hullin, Thomas"]
[Result "0-1"]
[WhiteElo "2001"]
[BlackElo "1855"]
[PlyCount "116"]
[EventDate "2024.09.11"]
[WhiteTeam "Saint Vincent and the Grenadines"]
[BlackTeam "Senegal"]
[BlackTeamCountry "SEN"]

1. e4 c5 2. d4 cxd4 3. c3 dxc3 4. Nxc3 Nc6 5. Nf3 e6 6. Bf4 a6 7. Bd3 Nge7 8. O-O Ng6 9. Bg3 Be7 10. e5 O-O 11. Qe2 $146 ({RR} 11. Re1 f5 12. exf6 gxf6 13. h4 Qa5 14. Nd2 Rf7 15. Nc4 Qd8 16. h5 Nge5 17. Nxe5 Nxe5 18. Bc2 d5 19. h6 Bd6 20. Qh5 Bd7 21. f4 Nc6 22. Nxd5 exd5 23. Qxd5 Qf8 24. Bb3 Nd8 25. Rad1 Bc5+ {1-0 Becerra,J (2338)-Minaya Molano,J (2132) COL-chA/B Bogota 2019 (7)}) 11... b5 12. h4 b4 13. Na4 Qa5 14. b3 f5 15. h5 Nh8 16. Nb2 Nf7 17. Nc4 Qd8 18. Rfd1 g5 19. hxg6 hxg6 20. Rac1 Kg7 21. Bf4 Rh8 22. Nd6 Nxd6 23. exd6 Bf6 24. Ne5 Bb7 25. f3 Nxe5 26. Rc7 Nxd3 27. Qxd3 Bc6 28. Qc4 Bd5 29. Qxb4 g5 30. Be3 Kg6 31. Bb6 Rb8 32. Qa5 Rh7 33. Qxa6 Qh8 34. Rcc1 Ra8 35. Qe2 Rh1+ 36. Kf2 Qh4+ 37. Ke3 Qf4+ 38. Kf2 Rxd1 39. Rxd1 Qxd6 40. Be3 Rh8 41. Qc2 Rh2 42. Qc8 Rh8 43. Qc1 Qh2 44. Rg1 g4 45. fxg4 Qh4+ 46. Kf1 Qxg4 47. Qc2 Be4 48. Qe2 Qg3 49. Qf2 Bd3+ 50. Ke1 Qe5 51. Kd2 Qc3+ 52. Kd1 Ra8 53. Rh1 Qa1+ 54. Bc1 Bg5 55. Qc5 Rxa2 56. Qc8 Qxc1+ 57. Qxc1 Bxc1 58. Kxc1 Ra1+ 0-1

[Event "45th Olympiad 2024"]
[Site "Budapest HUN"]
[Date "2024.09.16"]
[Round "6.86"]
[Board "2"]
[White "Lesbros, Bernard"]
[Black "Cottle, Brian S"]
[Result "1/2-1/2"]
[WhiteElo "1938"]
[BlackElo "1804"]
[PlyCount "96"]
[EventDate "2024.09.11"]
[WhiteTeam "Senegal"]
[BlackTeam "Saint Vincent and the Grenadines"]
[WhiteTeamCountry "SEN"]

1. Nf3 d5 2. c4 Nf6 3. cxd5 Nxd5 4. e4 Nb6 5. d4 g6 6. h3 Bg7 7. Be3 ({RR} 7. Be2 O-O 8. O-O N8d7 9. Be3 e5 10. Nc3 exd4 11. Bxd4 c6 12. Bxg7 Kxg7 13. Qd4+ f6 14. Rad1 Qe7 15. Rfe1 Ne5 16. Nxe5 fxe5 17. Qe3 Be6 18. b3 Rad8 19. Bg4 Bxg4 20. hxg4 h6 21. Ne2 Qf6 {1-0 Carlsen,M (2835)-Hansen,E (2609) Bullet Chess Winners 2023 (1.13)}) ({RR} 7. Be2 Nc6 8. Be3 O-O 9. O-O Na5 10. Nc3 Nac4 11. Bc1 e5 12. d5 c6 13. a4 cxd5 14. exd5 a5 15. Qb3 Qc7 16. Rd1 f5 17. d6 Qc5 18. Be3 Qc6 19. Bxb6 {1-0 Parfenov,V (2193)-Vila Dupla,A (2042) Titled Tue 16th Jul Early 2024 (3)}) 7... O-O 8. Qd2 $146 ({RR} 8. Be2 Nc6 9. O-O e6 10. Nc3 Qe7 11. a3 Rd8 12. Bg5 Bf6 13. Bxf6 Qxf6 14. e5 Qf4 15. Nb5 Nd5 16. g3 Qh6 17. Kg2 a6 18. Nc3 b5 19. Nh2 Nxe5 20. Nxd5 Rxd5 21. Ng4 Nxg4 22. Bxg4 Qg7 {½-½ Claes,J-Gruyaert,K BEL June 60' 1999 (5)}) ({RR} 8. Nbd2 Nc6 9. Nc4 Nxc4 10. Bxc4 e5 11. d5 Ne7 12. Rc1 Kh8 13. O-O h6 14. Bc5 Re8 15. d6 cxd6 16. Bxd6 f6 17. Bf7 Rf8 18. Bxe7 Qxe7 19. Bxg6 Be6 20. b3 f5 21. Bxf5 Bxf5 22. exf5 Rxf5 {1-0 Rosenberg,E (2125)-Serikbay,A (2228) Titled Tuesday intern op 26th Jan blitz 2021 (7)}) 8... N8d7 9. Be2 Nf6 10. Nc3 Bd7 11. O-O a6 12. a4 Rc8 13. a5 Na8 14. e5 Ne8 15. Ne4 Bb5 16. Bxb5 axb5 17. Qb4 c6 18. Nc5 b6 19. Ne4 bxa5 20. Qxa5 Qxa5 21. Rxa5 Nec7 22. Bg5 Nd5 23. Rc1 Nab6 24. Ra6 h6 25. Bxe7 Nxe7 26. Rxb6 Ra8 27. Rb7 Nf5 28. g4 Nxd4 29. Nxd4 Bxe5 30. Nxc6 Bxb2 31. Rc2 Ba1 32. Rxb5 Rfe8 33. f3 Kg7 34. Rb7 Re6 35. Nb4 Be5 36. Kg2 Rd8 37. Ra2 Rb8 38. Rxb8 Bxb8 39. h4 Rb6 40. Nd5 Rb7 41. g5 hxg5 42. hxg5 Rb5 43. Nec3 Rc5 44. Ra3 Bd6 45. Kh3 Rxd5 46. Ra6 Rd3 47. Kg4 Rxc3 48. Rxd6 Rc4+ 1/2-1/2

[Event "45th Olympiad 2024"]
[Site "Budapest HUN"]
[Date "2024.09.16"]
[Round "6.86"]
[Board "3"]
[White "Schneider, James U"]
[Black "Marochkina, Nadezhda Valerevna"]
[Result "0-1"]
[WhiteElo "1486"]
[BlackElo "1792"]
[PlyCount "76"]
[EventDate "2024.09.11"]
[WhiteTeam "Saint Vincent and the Grenadines"]
[BlackTeam "Senegal"]
[BlackTeamCountry "SEN"]

1. e4 c6 2. d4 d5 3. e5 Bf5 4. Nf3 e6 5. Be2 Nd7 6. O-O Ne7 7. Nc3 ({RR} 7. Re1 Bg6 8. c3 Nf5 9. Qb3 Rb8 10. Bf4 Be7 11. Nbd2 O-O 12. g4 Nh4 13. Rad1 Nxf3+ 14. Nxf3 c5 15. c4 dxc4 16. Qxc4 Nb6 17. Qb3 Qd5 18. Qxd5 {½-½ Short,N (2701)-Palo,D (2510) Samba Cup 1st 2003 (6)}) 7... h6 ({RR} 7... Bg6 8. a4 a5 9. Na2 Nf5 10. c3 Be7 11. Bf4 O-O 12. Qd2 c5 13. dxc5 Nxc5 14. Nc1 Rc8 15. Nd4 Ne4 16. Qd1 Nxd4 17. cxd4 f6 18. f3 fxe5 19. Bxe5 Nd6 20. b3 Nf5 21. Kf2 Bg5 22. f4 {0-1 Yang,L (1590)-Zhang,M (1885) Canadian Women Zonal 2024 (1.9)}) 8. Be3 g5 $146 ({RR} 8... Bh7 9. a3 Nf5 10. b4 b5 11. Qd2 Be7 12. Bd3 O-O 13. Bf4 a5 14. Ne2 g5 15. g4 Ng7 16. Bxh7+ Kxh7 17. Qd3+ Kg8 18. Bd2 axb4 19. Bxb4 Bxb4 20. axb4 f5 21. exf6 Qxf6 22. Kg2 e5 23. Rxa8 {0-1 Vingurt,G (2059)-Poleschikov,A (1919) Saratov Rating 2009 (5)}) 9. Bd3 Bxd3 10. Qxd3 Nf5 11. Nd1 g4 12. Nd2 Qc7 13. c4 dxc4 14. Nxc4 O-O-O 15. Qc3 h5 16. Bf4 Nb6 17. Nxb6+ Qxb6 18. Be3 Nxd4 19. Bxd4 Qxd4 20. Qxd4 Rxd4 21. Nc3 Rd2 22. Rab1 Bb4 23. a3 Bxc3 24. bxc3 Rhd8 25. f4 Re2 26. Rf2 Rdd2 27. Rxe2 Rxe2 28. Rb3 Rc2 29. a4 b6 30. g3 Kc7 31. Ra3 a5 32. Kh1 Kb7 33. Kg1 Ka6 34. Kh1 b5 35. axb5+ cxb5 36. Kg1 a4 37. Kh1 Kb6 38. Kg1 Kc5 0-1

[Event "45th Olympiad 2024"]
[Site "Budapest HUN"]
[Date "2024.09.16"]
[Round "6.87"]
[Board "1"]
[White "Koumba, Mounguen Jose Evrard"]
[Black "Gontcharov, Serguei"]
[Result "1-0"]
[WhiteElo "1957"]
[BlackElo "1927"]
[PlyCount "97"]
[EventDate "2024.09.11"]
[WhiteTeam "Gabon"]
[BlackTeam "Bermuda"]
[WhiteTeamCountry "GAB"]
[BlackTeamCountry "BER"]

1. e4 c5 2. Nf3 e6 3. Nc3 a6 4. d4 cxd4 5. Nxd4 Qc7 6. g3 Bb4 7. Bd2 Nc6 8. Nxc6 dxc6 ({RR} 8... bxc6 9. Qg4 Bf8 10. Bg2 Rb8 11. b3 Nf6 12. Qe2 e5 13. O-O Be7 14. f4 d6 15. Na4 O-O 16. c4 exf4 17. gxf4 Bg4 18. Qd3 Nd7 19. Rae1 Bh4 20. Re3 Rbe8 21. Bc3 f5 22. c5 fxe4 23. Bxe4 {1-0 Ivanov,A (2566)-Stripunsky,A (2565) Western States op 2005 (4)}) 9. Bg2 e5 10. O-O Bc5 11. b4 $146 ({RR} 11. a4 a5 12. Qe2 Nf6 13. Nd1 b6 14. Re1 O-O 15. Ne3 Ba6 16. Qf3 Rfd8 17. Rad1 Bb4 18. c3 Bf8 19. Bf1 Bd3 20. Bxd3 Rxd3 21. Qe2 Rd7 22. Nf5 Rad8 23. Bg5 Rxd1 24. Rxd1 Rxd1+ 25. Qxd1 Nxe4 {½-½ Fernandez Gonzalez,J (2385)-Gutierrez Herrera,J Capablanca Memorial-15 1979 (6)}) ({RR} 11. Na4 Bd4 12. c3 Ba7 13. c4 b5 14. Nc3 Nf6 15. cxb5 axb5 16. Rc1 Qd7 17. a4 O-O 18. axb5 cxb5 19. Bg5 Ng4 20. Qxd7 Bxd7 21. h3 h6 22. Be7 Rfe8 23. Nd5 Nxf2 24. Rxf2 Bxf2+ 25. Kxf2 Ra2 {0-1 Lenoir Ibacache,G (2228)-Herrera,J (2217) Titled Tue 16th Jul Early 2024 (7)}) ({RR} 11. Qe2 Be6 12. Be3 Bxe3 13. Qxe3 Nf6 14. Rfd1 O-O 15. Qc5 Rad8 16. Nd5 Qb8 17. Nxf6+ gxf6 18. b3 Rxd1+ 19. Rxd1 Rd8 20. Rxd8+ Qxd8 21. h3 Qd1+ 22. Kh2 {½-½ Soderborg,B (2115)-Andersson,S (2057) SWE-ch Veterans 2010 (6)}) ({RR} 11. Na4 Bd4 12. Bb4 a5 13. c3 Bxf2+ 14. Rxf2 axb4 15. cxb4 Nf6 16. Qc2 O-O 17. h3 Rd8 18. Raf1 Be6 19. Nc5 Qe7 20. a3 Rd4 21. Nxe6 Qxe6 22. Kh2 Rad8 23. Qc1 Nxe4 24. Rxf7 Rd2 25. Rxb7 Nxg3 {0-1 Vincenzi,M (2040)-Hrabinska,M (2210) 14th Portoroz Open 2023 (9.12)}) 11... Bd4 12. Rc1 Nf6 13. Ne2 Ba7 14. c4 Be6 15. Qc2 c5 16. Nc3 Bxc4 17. Nd5 Bxd5 18. exd5 Rd8 19. Bg5 b6 20. Qa4+ Qd7 21. Qxa6 O-O 22. bxc5 bxc5 23. Bxf6 gxf6 24. Qxf6 Qd6 25. Qg5+ Kh8 26. Rfe1 f6 27. Qh6 Rde8 28. Rcd1 Bb8 29. Rb1 f5 30. Rb6 Qxh6 31. Rxh6 Rd8 32. Rd1 Rd6 33. Re6 e4 34. g4 fxg4 35. Bxe4 Kg7 36. Rb1 Rxe6 37. dxe6 Kf6 38. Bd5 Rd8 39. Bb3 h5 40. Re1 Bd6 41. Re2 Rc8 42. e7 Bxe7 43. Re6+ Kg5 44. Rxe7 c4 45. Bc2 h4 46. Re5+ Kf6 47. Re4 Rg8 48. Rxc4 g3 49. Rxh4 1-0

[Event "45th Olympiad 2024"]
[Site "Budapest HUN"]
[Date "2024.09.16"]
[Round "6.87"]
[Board "2"]
[White "Dacres, Don"]
[Black "Bongo Akanga Ndjila, Barthelemy"]
[Result "0-1"]
[WhiteElo "1863"]
[BlackElo "1894"]
[PlyCount "116"]
[EventDate "2024.09.11"]
[WhiteTeam "Bermuda"]
[BlackTeam "Gabon"]
[WhiteTeamCountry "BER"]
[BlackTeamCountry "GAB"]

1. e4 e6 2. d4 d5 3. Bd3 c5 4. c3 h5 $146 ({RR} 4... dxe4 5. Bxe4 Nf6 6. Bg5 cxd4 7. Qf3 Nbd7 8. Nd2 Qb6 9. Ne2 Ne5 10. Qg3 Nxe4 11. Nxe4 Ng6 12. Nxd4 e5 13. Nb3 f5 14. Ned2 f4 15. Qd3 Be6 16. O-O-O Qd6 17. Qxd6 Bxd6 18. Ne4 Bc7 19. Nbc5 {0-1 Montgomery,H-Lichtenhein,T Match Lichtenhein-Montgomery +7-2=1 1861 (4)}) ({RR} 4... cxd4 5. cxd4 dxe4 6. Bxe4 Nf6 7. Bf3 Be7 8. Ne2 O-O 9. O-O Nbd7 10. Nbc3 Bd6 11. Ng3 h6 12. Nge4 Nxe4 13. Nxe4 Bc7 14. Qb3 Rb8 15. Be3 Nf6 16. Nxf6+ Qxf6 17. d5 b6 18. Qa3 exd5 19. Qxa7 {0-1 Arjun,V (2394)-Kosic,D (2482) Budapest FS10 GM 2007 (5)}) ({RR} 4... dxe4 5. Bxe4 Nf6 6. Bf3 Qc7 7. Ne2 Bd6 8. Na3 Bd7 9. Qb3 Bc6 10. Nb5 Qd7 11. Nxd6+ Qxd6 12. Bf4 Qe7 13. Bxc6+ Nxc6 14. dxc5 e5 15. Be3 Ng4 16. O-O O-O 17. Qc4 Nxe3 18. fxe3 Qg5 19. Rf3 {½-½ Koop,T (2145)-Mueller,C (1956) GER-ch U16 Oberhof 2013 (8)}) ({RR} 4... dxe4 5. Bxe4 Nf6 6. Bg5 cxd4 7. Qf3 Be7 8. Bxb7 Bxb7 9. Qxb7 Nbd7 10. cxd4 Rb8 11. Qxa7 Rxb2 12. Nd2 O-O 13. Ngf3 Qa8 14. Qxa8 Rxa8 15. a4 Nb6 16. O-O h6 17. Be3 Rxa4 18. Ne5 Rxa1 19. Rxa1 {0-1 Montgomery,H-Lichtenhein,T Match Lichtenhein-Montgomery +7-2=1 1861 (6)}) ({RR} 4... dxe4 5. Bxe4 Nf6 6. Bf3 Nc6 7. Ne2 Be7 8. O-O O-O 9. Be3 cxd4 10. Nxd4 Ne5 11. Nd2 Nd5 12. Qe2 Bd7 13. Rfe1 Nxf3+ 14. N2xf3 Bd6 15. c4 Nxe3 16. Qxe3 Rc8 17. Qd3 Bc6 18. Rad1 Bb4 19. Nxc6 {½-½ Suechting,H-Marshall,F Barmen Meister-A 1905 (11)}) 5. e5 Nc6 6. Nf3 Qc7 7. O-O b6 8. Be3 Bd7 9. a3 a5 10. Nbd2 c4 11. Bc2 b5 12. b4 cxb3 13. Nxb3 a4 14. Nbd2 Na5 15. Nb1 Nh6 16. Bxh6 Rxh6 17. Nfd2 O-O-O 18. f4 f6 19. Qe2 f5 20. Bd3 Qc6 21. Ra2 Nc4 22. Bxc4 dxc4 23. Nf3 Qd5 24. Ng5 Be8 25. Qf3 h4 26. Qxd5 Rxd5 27. Rff2 Be7 28. Nf3 h3 29. g3 Bh5 30. Nbd2 Bxf3 31. Nxf3 Kc7 32. Rf1 Kc6 33. Rb1 Rd7 34. Kf2 Rh8 35. Ke3 Rh5 36. Ke2 Rd5 37. Rbb2 Rh6 38. Ke3 Rg6 39. Kf2 Rh6 40. Rb1 Rh5 41. Rg1 g5 42. g4 fxg4 43. Rxg4 gxf4 44. Rxf4 Rd8 45. Rf7 Rg8 46. Kf1 Kd7 47. Rf2 Ke8 48. Nd2 Rg2 49. Rxe7+ Kxe7 50. Rxg2 hxg2+ 51. Kxg2 Rg5+ 52. Kf2 Rh5 53. Kg3 b4 54. Nxc4 bxc3 55. Ne3 Kd7 56. h4 Rh8 57. Nc2 Rb8 58. Nb4 Rxb4 0-1

[Event "45th Olympiad 2024"]
[Site "Budapest HUN"]
[Date "2024.09.16"]
[Round "6.88"]
[Board "1"]
[White "Christopher, Art"]
[Black "Prudente, Elmer"]
[Result "0-1"]
[WhiteElo "1779"]
[BlackElo "1949"]
[PlyCount "80"]
[EventDate "2024.09.11"]
[WhiteTeam "British Virgin Islands"]
[BlackTeam "Guam"]
[WhiteTeamCountry "IVB"]
[BlackTeamCountry "GMA"]

1. d4 Nf6 2. c4 e6 3. Nc3 Bb4 4. a3 Bxc3+ 5. bxc3 c5 6. Nf3 Qa5 7. Bd2 Ne4 8. Qc2 ({RR} 8. e3 Nc6 9. Bd3 Nxd2 10. Qxd2 Qc7 11. O-O d6 12. Be4 Na5 13. Qc2 g6 14. Nd2 f5 15. Bf3 O-O 16. e4 e5 17. dxe5 dxe5 18. exf5 Bxf5 19. Bd5+ Kg7 20. Ne4 Rad8 21. Rfe1 b5 22. Rad1 Nxc4 {1-0 Bortnyk,M (2461)-Goldenberg,R (2268) New York Fall IMD 2022 (9.2)}) 8... Nxd2 9. Nxd2 Qc7 10. e3 b6 $146 ({RR} 10... O-O 11. Bd3 h6 12. O-O d6 13. f4 f5 14. Rf3 Nc6 15. Raf1 b6 16. Rg3 Qf7 17. d5 Ne7 18. e4 Kh8 19. Nf3 fxe4 20. Bxe4 exd5 21. Bxd5 Nxd5 22. cxd5 Ba6 23. Re1 Qxf4 24. Qg6 Rf7 25. h3 {0-1 Yelmarova,N (1789)-Hrenic,M (1984) EU-ch U18 Girls 2006 (2)}) 11. Bd3 Bb7 12. f3 h6 13. e4 Qf4 14. O-O cxd4 15. Nb3 dxc3 16. Qxc3 O-O 17. Rad1 Nc6 18. Be2 Rfd8 19. c5 Rac8 20. cxb6 axb6 21. Qb2 d5 22. exd5 Rxd5 23. Rxd5 exd5 24. Bb5 Qe3+ 25. Kh1 Na7 26. a4 Nxb5 27. axb5 Qd3 28. Rb1 Qxb5 29. Qf2 Qd3 30. Qe1 d4 31. Nd2 Rc2 32. Rd1 Qe3 33. Qxe3 dxe3 34. Ne4 Bxe4 35. fxe4 e2 36. Re1 b5 37. Kg1 b4 38. Kf2 b3 39. Rb1 b2 40. h3 Rc1 0-1

[Event "45th Olympiad 2024"]
[Site "Budapest HUN"]
[Date "2024.09.16"]
[Round "6.88"]
[Board "2"]
[White "Tran, Tuan An"]
[Black "Samuel, Jhon"]
[Result "1-0"]
[WhiteElo "1916"]
[BlackElo "1545"]
[PlyCount "97"]
[EventDate "2024.09.11"]
[WhiteTeam "Guam"]
[BlackTeam "British Virgin Islands"]
[WhiteTeamCountry "GMA"]
[BlackTeamCountry "IVB"]

1. e4 c5 2. c3 Nc6 3. d4 cxd4 4. cxd4 d6 5. d5 Ne5 6. f4 ({RR} 6. Nc3 Nf6 7. f4 Ng6 8. Nf3 e5 9. dxe6 fxe6 10. Bd3 Be7 11. e5 dxe5 12. Bxg6+ hxg6 13. Qxd8+ Bxd8 14. Nxe5 O-O 15. Nxg6 Re8 16. Ne5 Nd5 17. Bd2 Bf6 18. Ne4 Bxe5 19. fxe5 Rf8 20. Rf1 Bd7 {1-0 King,A (2263)-Prada Villagrasa,P (2022) Titled Tue 20th Aug Early 2024 (2)}) 6... Bg4 ({RR} 6... Ng6 7. Nf3 Nf6 8. Nc3 e6 9. Bb5+ Bd7 10. dxe6 fxe6 11. f5 exf5 12. exf5 Ne5 13. Nxe5 dxe5 14. Bg5 Bxb5 15. Qxd8+ Rxd8 16. Nxb5 Bb4+ 17. Ke2 O-O 18. g4 Rd5 19. Nc7 Rc5 20. Ne6 Rc2+ 21. Kd3 {1-0 Vlassov,N (2283)-Padmini,R (2389) Titled Tue 17th Jan Early 2023 (8)}) 7. Qb3 $146 ({RR} 7. fxe5 Bxd1 8. Bb5+ Qd7 9. Bxd7+ Kxd7 10. Kxd1 dxe5 11. Nf3 f6 12. Nc3 g5 13. h3 h5 14. Be3 Bh6 15. Ke2 a6 16. h4 g4 17. Nd2 b5 18. Bxh6 Nxh6 19. Rhf1 Rhf8 20. g3 Rf7 21. Rf2 Raf8 {1-0 White,N (1371)-Gustafsson,B London Classic op U1750 11th 2019 (3)}) 7... Ng6 8. f5 Ne5 9. h3 Nf6 10. hxg4 Nfxg4 11. Qxb7 f6 12. Nf3 Rb8 13. Qxa7 Ra8 14. Nxe5 Nxe5 15. Qd4 Rc8 16. Bf4 Qc7 17. Nc3 h5 18. Nb5 Qb7 19. Bxe5 fxe5 20. Qa7 Qxa7 21. Nxa7 Rc2 22. Nc6 Kf7 23. Nd8+ Kf6 24. Ne6 g5 25. Nxf8 Rxf8 26. Rxh5 Rb8 27. Rh3 Rbxb2 28. a4 Rc7 29. a5 Ra7 30. a6 g4 31. Re3 Kg5 32. g3 Kf6 33. Re2 Rb6 34. Rc2 Rb3 35. Kf2 Rf3+ 36. Kg2 Re3 37. Rb2 Rxe4 38. Rb7 Rxb7 39. axb7 Rb4 40. Ra7 Rb2+ 41. Kg1 Rb1 42. Kf2 Rb2+ 43. Ke3 Kxf5 44. Ba6 Rb3+ 45. Kd2 e4 46. Ra8 e3+ 47. Ke2 Rb2+ 48. Kxe3 Rb3+ 49. Bd3+ 1-0

[Event "45th Olympiad 2024"]
[Site "Budapest HUN"]
[Date "2024.09.16"]
[Round "6.90"]
[Board "1"]
[White "Kabamwanishi, Mashala"]
[Black "Kim, Sanker"]
[Result "1-0"]
[WhiteElo "1914"]
[BlackElo "1564"]
[PlyCount "63"]
[EventDate "2024.09.11"]
[WhiteTeam "Democratic Republic of the Congo"]
[BlackTeam "Cambodia"]
[BlackTeamCountry "CMB"]

1. e4 Nc6 2. d4 e5 3. d5 Nce7 4. Be2 Ng6 5. Nf3 ({RR} 5. Be3 Nf6 6. Nd2 Bb4 7. c3 Ba5 8. Ngf3 Bb6 9. Bxb6 axb6 10. O-O d6 11. Ne1 O-O 12. Nd3 Bd7 13. h3 h6 14. f4 exf4 15. Nxf4 Nxf4 16. Rxf4 Nh7 17. Bd3 Qg5 18. Qf3 Bxh3 19. Rf1 Bd7 {1-0 Valle Luis,L (2235)-Goldin,R (2293) Titled Tue 16th Apr Early 2024 (6)}) 5... Bc5 6. O-O Nf6 7. Nbd2 d6 $146 ({RR} 7... O-O 8. Bd3 d6 9. Nb3 Bb6 10. Qe1 Nh5 11. Be3 Nhf4 12. Bxb6 axb6 13. Qe3 Nxd3 14. Qxd3 f5 15. Nbd2 fxe4 16. Nxe4 Nf4 17. Qe3 Qe8 18. Ng3 Nxd5 19. Qe4 Nf6 20. Qc4+ Rf7 21. Ng5 d5 22. Qc3 {0-1 Fiaschi,S (1432)-Tunez,A (1947) 98th ch-ARG Semi-Final 2023 (3.52)}) 8. c3 a5 9. Bb5+ Bd7 10. Qa4 O-O 11. Bxd7 Qxd7 12. Qxd7 Nxd7 13. a4 f5 14. Ng5 fxe4 15. Ndxe4 Nb6 16. Ne6 Rf7 17. N4xc5 dxc5 18. Nxc5 Nxd5 19. Nxb7 Ndf4 20. Nc5 Raf8 21. Bxf4 Nxf4 22. f3 h5 23. Rad1 h4 24. Nd3 e4 25. Nxf4 Rxf4 26. fxe4 Rxe4 27. Rxf8+ Kxf8 28. Rd4 Re2 29. b4 Rc2 30. bxa5 Rxc3 31. a6 Re3 32. Rd8+ 1-0